LEADER 00919nam a2200265 i 4500 001 991000229079707536 008 040119s2002 it 000 0 ita d 020 $a8843598201 035 $ab12587424-39ule_inst 040 $aDip.to Beni Arti e Storia$bita 082 0 $a709.52 100 1 $aKidder, Edward$0481653 245 10$aGiappone :$barte, storia, civiltą /$cEdward Kidder ; nuova edizione a cura di Martina Fuga 260 $aMilano :$bElecta,$c2002 300 $a335 p. :$bill. ;$c32 cm. 650 4$aGiappone$xArte 650 4$aGiappone$xStoria 650 4$aGiappone$xCiviltą 700 1 $aFuga, Martina 907 $a.b12587424$b02-04-14$c19-01-04 912 $a991000229079707536 945 $aLE019 A13 AR B 30$g1$i2019000011211$lle019$op$pE0.00$q-$rl$s- $t0$u4$v0$w4$x0$y.i13059646$z19-01-04 996 $aGiappone$9253293 997 $aUNISALENTO 998 $ale019$b19-01-04$cm$da $e-$fita$git $h0$i0 LEADER 01098nam0 22002771i 450 001 UON00317205 005 20231205104124.220 100 $a20081107d1924 |0itac50 ba 101 $apol 102 $aPL 105 $a|||| 1|||| 200 1 $aEneida$fWergiljusz$gW przekladzie Tadeusza Karylowskiego$gZ wstepem i objasnieniami Tadeusz Sinki 210 $aKrakow$cKrakowska Spolka Wydawnictwo$d1924 215 $aXXXIX, 360 p.$d17 cm. 410 1$1001UON00288902$12001 $aBiblioteka Narodowa. Seria 2$v29 620 $aPL$dKrako?w$3UONL000871 700 1$aVIRGILIUS MARO$bPublius$3UONV176106$0556478 702 1$aKARYLOWSKI$bTadeusz$3UONV181007 702 1$aSINKA$bTadeusz$3UONV166198 712 $aKrakowska Spólka Wydawnictwo$3UONV266284$4650 801 $aIT$bSOL$c20240220$gRICA 899 $aSIBA - SISTEMA BIBLIOTECARIO DI ATENEO$2UONSI 912 $aUON00317205 950 $aSIBA - SISTEMA BIBLIOTECARIO DI ATENEO$dSI FD POLACCO 0746 $eSI MR 40572/3 7 0746 996 $aEneida$91374451 997 $aUNIOR